<?xml version="1.0" encoding="UTF-8"?>
<record
    xmlns:xsi="http://www.w3.org/2001/XMLSchema-instance"
    xsi:schemaLocation="http://www.loc.gov/MARC21/slim http://www.loc.gov/standards/marcxml/schema/MARC21slim.xsd"
    xmlns="http://www.loc.gov/MARC21/slim">

  <leader>03087nam a2200409 i 4500</leader>
  <controlfield tag="001">21684481</controlfield>
  <controlfield tag="003">CSPC</controlfield>
  <controlfield tag="005">20260319103840.0</controlfield>
  <controlfield tag="008">200819s2020    nyu           001 0 eng  </controlfield>
  <datafield tag="010" ind1=" " ind2=" ">
    <subfield code="a">  2020944540</subfield>
  </datafield>
  <datafield tag="020" ind1=" " ind2=" ">
    <subfield code="a">9780198831815</subfield>
    <subfield code="q">(paperback)</subfield>
  </datafield>
  <datafield tag="035" ind1=" " ind2=" ">
    <subfield code="a">21684481</subfield>
  </datafield>
  <datafield tag="040" ind1=" " ind2=" ">
    <subfield code="a">DLC</subfield>
    <subfield code="b">eng</subfield>
    <subfield code="e">rda</subfield>
    <subfield code="c">DLC</subfield>
    <subfield code="d">CSPC</subfield>
  </datafield>
  <datafield tag="042" ind1=" " ind2=" ">
    <subfield code="a">pcc</subfield>
  </datafield>
  <datafield tag="050" ind1="0" ind2="0">
    <subfield code="a">RC735.5</subfield>
    <subfield code="b">.O94 2021</subfield>
  </datafield>
  <datafield tag="082" ind1="0" ind2="4">
    <subfield code="2">22</subfield>
    <subfield code="a">616.20231</subfield>
    <subfield code="b">Ox22</subfield>
  </datafield>
  <datafield tag="245" ind1="0" ind2="0">
    <subfield code="a">Oxford handbook of respiratory nursing /</subfield>
    <subfield code="c">edited by Terry Robinson and Jane Scullion.</subfield>
  </datafield>
  <datafield tag="250" ind1=" " ind2=" ">
    <subfield code="a">Second edition.</subfield>
  </datafield>
  <datafield tag="263" ind1=" " ind2=" ">
    <subfield code="a">2011</subfield>
  </datafield>
  <datafield tag="264" ind1=" " ind2="1">
    <subfield code="a">New York :</subfield>
    <subfield code="b">Oxford University Press,</subfield>
    <subfield code="c">2021.</subfield>
  </datafield>
  <datafield tag="300" ind1=" " ind2=" ">
    <subfield code="a">xiv, 633 pages ;</subfield>
    <subfield code="c">18 cm.</subfield>
  </datafield>
  <datafield tag="336" ind1=" " ind2=" ">
    <subfield code="a">text</subfield>
    <subfield code="b">txt</subfield>
    <subfield code="2">rdacontent</subfield>
  </datafield>
  <datafield tag="337" ind1=" " ind2=" ">
    <subfield code="a">unmediated</subfield>
    <subfield code="b">n</subfield>
    <subfield code="2">rdamedia</subfield>
  </datafield>
  <datafield tag="338" ind1=" " ind2=" ">
    <subfield code="a">volume</subfield>
    <subfield code="b">nc</subfield>
    <subfield code="2">rdacarrier</subfield>
  </datafield>
  <datafield tag="490" ind1="0" ind2=" ">
    <subfield code="a">Oxford handbooks in nursing</subfield>
  </datafield>
  <datafield tag="500" ind1=" " ind2=" ">
    <subfield code="a">Includes index.</subfield>
  </datafield>
  <datafield tag="505" ind1="0" ind2=" ">
    <subfield code="a">Introduction -- Why work in respiratory nursing? -- Anatomy and physiology -- Respiratory assessment -- Respiratory investigations -- Acute respiratory distress syndrome (ARDS) -- Asthma and allergies -- Bronchiectasis -- Chronic obstructive pulmonary disease (COPD) -- Cystic fibrosis -- Interstitial lung disease (ILD) -- Lung cancer and mesothelioma -- Obstructive sleep apnoea -- Oxygen therapy -- Pharmacology -- Pleural effusion -- Pneumonia -- Pneumothorax -- Pulmonary embolism -- Pulmonary hypertension -- Non-invasive ventilation (NIV) -- Tuberculosis (TB) -- Palliative care -- Pulmonary rehabilitation -- Smoking and public health -- Sex, sexuality, and breathlessness -- The multidisciplinary team -- Flying, altitude, and diving.</subfield>
  </datafield>
  <datafield tag="520" ind1=" " ind2=" ">
    <subfield code="a">"Respiratory disease is one of the leading causes of both mortality and morbidity, causing a significant burden on healthcare resources, the economy, and on individual patients and their carers. Respiratory conditions are managed in many different settings, from home and residential care through the full range of primary to tertiary care. The multifaceted nature of both diseases affecting respiration and the care options is comprehensively covered in this second edition of the Oxford Handbook of Respiratory Nursing. Offering a systematic description of the main respiratory diseases found in adults, the Handbook covers the assessment, diagnosis, and nursing management of each condition. With a special focus on the role of the multidisciplinary team in meeting the multiple care needs of respiratory patients, the Handbook covers both physical and psychosocial concerns, and both pharmacological and non-pharmacological therapies"--</subfield>
    <subfield code="c">Provided by publisher.</subfield>
  </datafield>
  <datafield tag="650" ind1=" " ind2="0">
    <subfield code="a">Respiratory organs</subfield>
    <subfield code="v">Handbooks, manuals, etc.</subfield>
    <subfield code="x">Diseases</subfield>
    <subfield code="x">Nursing.</subfield>
  </datafield>
  <datafield tag="650" ind1=" " ind2="2">
    <subfield code="a">Respiratory Tract Diseases</subfield>
    <subfield code="v">Handbooks</subfield>
    <subfield code="x">Nursing.</subfield>
  </datafield>
  <datafield tag="700" ind1="1" ind2=" ">
    <subfield code="a">Robinson, Terry,</subfield>
    <subfield code="e">editor.</subfield>
  </datafield>
  <datafield tag="700" ind1="1" ind2=" ">
    <subfield code="a">Scullion, Jane,</subfield>
    <subfield code="e">editor.</subfield>
  </datafield>
  <datafield tag="906" ind1=" " ind2=" ">
    <subfield code="a">0</subfield>
    <subfield code="b">ibc</subfield>
    <subfield code="c">orignew</subfield>
    <subfield code="d">2</subfield>
    <subfield code="e">epcn</subfield>
    <subfield code="f">20</subfield>
    <subfield code="g">y-gencatlg</subfield>
  </datafield>
  <datafield tag="942" ind1=" " ind2=" ">
    <subfield code="2">ddc</subfield>
    <subfield code="n">0</subfield>
    <subfield code="c">BK</subfield>
    <subfield code="e">22</subfield>
    <subfield code="h">616.20231</subfield>
    <subfield code="i">Ox22</subfield>
    <subfield code="k">NUR</subfield>
    <subfield code="m">2021</subfield>
  </datafield>
  <datafield tag="952" ind1=" " ind2=" ">
    <subfield code="0">0</subfield>
    <subfield code="1">0</subfield>
    <subfield code="2">ddc</subfield>
    <subfield code="4">0</subfield>
    <subfield code="7">0</subfield>
    <subfield code="a">CSPC</subfield>
    <subfield code="b">CSPC</subfield>
    <subfield code="c">NUR</subfield>
    <subfield code="d">2026-03-18</subfield>
    <subfield code="l">0</subfield>
    <subfield code="o">NUR 616.20231 Ox22 2021</subfield>
    <subfield code="p">031583</subfield>
    <subfield code="r">2026-03-18 14:46:24</subfield>
    <subfield code="t">1-1</subfield>
    <subfield code="w">2026-03-18</subfield>
    <subfield code="y">BK</subfield>
  </datafield>
  <datafield tag="999" ind1=" " ind2=" ">
    <subfield code="c">32099</subfield>
    <subfield code="d">32099</subfield>
  </datafield>
</record>
